| 000 | 00867nam a22002417a 4500 | ||
|---|---|---|---|
| 999 |
_c18107 _d18107 |
||
| 003 | AR-CdUCM | ||
| 008 | 190511b ||||| |||| 00| 0 spa d | ||
| 040 |
_aMUNICIPALIDAD PROVINCIAL DEL CUSCO _cBIBLIOTECA MUNICIPAL DEL CUSCO |
||
| 041 | _heng | ||
| 082 |
_25ed. _a818.5 / _bW57 |
||
| 100 |
_aWilliams, Tennessee _938500 |
||
| 245 |
_aTeatro : _bun tranvía llamado Deseo el zoológico de cristal verano y humo / |
||
| 260 |
_aBuenos Aires : _bLosada, _c1962. |
||
| 300 |
_a305 páginas ; _c20 cm. |
||
| 440 |
_aGran Teatro del Mundo. _917284 |
||
| 505 | _aContenido: Un tranvía llamado Deseo -- El zoológico de cristal -- Verano y humo. | ||
| 650 |
_aTeatro estadounidense _912076 |
||
| 650 |
_aLiteratura Estadounidense _931137 |
||
| 650 |
_aSiglo XX _98 |
||
| 700 |
_aMirlas, León (traducción) _99583 |
||
| 942 |
_2ddc _cLIBROS |
||
| 945 |
_aachl _d2019-05-11 |
||